000 00791na a2200229 4500
001 13745
003 MIRAKIL
005 20181213154755.0
008 161020b tu 000 0
035 _a13745
040 _aMilas
_btur
_cTR-AnCHP
041 _atur
_aeng
082 _a327.56105694
_bF54 2005
090 _a327.56105694 F54 2005
245 _aFilistin sosyal, ekonomik, kültürel ve kurumsal yapısının ve Türkiye-Filistin işbirliği imkanlarının değerlendirilmesi
_brapor 1
260 _aAnkara
_bGAP Bölge Kalkınma İdaresi Başkanlığı
_c2005
300 _a72, 40, 16 s.
_bfotğ.
_c19 sm.
500 _aİngilizce makaleler içerir.
650 _aUluslararası ilişkiler
_xFilistin
651 _aTürkiye
_xUluslararası ilişkiler
_zFilistin
942 _2ddc
_cBKS
999 _c616
_d616